| 000 | 08411nam a22006977a 4500 | ||
|---|---|---|---|
| 005 | 2009051805575.0 | ||
| 008 | 090304t xxu||||| |||| 00| 0 hin d | ||
| 010 | _a HIN-86537 | ||
| 020 |
_c250.00 _a9788179320105 |
||
| 035 | _aHN-58883 | ||
| 035 | _aB-355372-402 | ||
| 037 | _bDBAD / VEN साहित्य चन्द्रिका प्रकाशन | ||
| 040 |
_aDPL _bHN |
||
| 082 | _a973.93092 | ||
| 100 | _aकमल, एम.पी. | ||
| 245 |
_aबराक ओबामा / _cएम.पी.कमल |
||
| 246 |
_aBarack Obama _bby M.P.Kamal |
||
| 260 |
_aदिल्ली _bराजा पॉकेट बुक्स _c2009 |
||
| 270 | _bदिल्ली | ||
| 300 |
_a160 पृ. _c22सेमी(सजिल्द) |
||
| 600 | _aओबामा, बराक | ||
| 600 | _aObama, Barack | ||
| 650 |
_aअफ्रीकी अमरीकी _vजीवनी |
||
| 650 |
_aAfrican Americans _vBiography |
||
| 650 |
_aराष्ट्रपति _vजीवनी _zसंयुक्त राष्ट्र अमेरिका |
||
| 650 |
_aPresidents _vBiography _zUnited States |
||
| 942 |
_2ddc _cHN _mओबामा _h973.93092 |
||
| 999 |
_c25023 _d25023 |
||